25 Smallest Countries in the World by Area - Statistics

General Stats
  • This quiz has been taken 92 times
  • The average score is 22 of 25
Answer Stats
Rank Country % Correct
1 Vatican City
100%
2 Monaco
99%
17 Andorra
96%
6 Liechtenstein
96%
5 San Marino
96%
8 Saint Kitts and Nevis
95%
12 Saint Vincent and the Grenadines
95%
4 Tuvalu
95%
18 Saint Lucia
93%
13 Barbados
92%
3 Nauru
92%
11 Grenada
91%
7 Marshall Islands
91%
16 Palau
89%
20 Singapore
88%
14 Antigua and Barbuda
85%
24 Kiribati
85%
21 Tonga
85%
22 Dominica
84%
19 Micronesia
83%
25 Sao Tome and Principe
83%
10 Malta
81%
15 Seychelles
81%
9 Maldives
79%
23 Bahrain
71%
No matching quizzes found
Score Distribution
Percent of People with Each Score
Percentile by Number Answered
Your Score History
You have not taken this quiz